| 000 | 00845nam a22002297a 4500 | ||
|---|---|---|---|
| 008 | 130821s1956 sp gr spa | ||
| 040 |
_aCo-BoUCM _bspa |
||
| 041 | 0 | 0 | _aspa |
| 092 | _aFM 000928 | ||
| 100 |
_aPhilips, Gerard _9148913 |
||
| 245 | 0 | 0 |
_aMisión de los seglares en la iglesia _cGerard Philips, traducción de Julio Belloso de Francisco |
| 260 |
_aSan Sebastián (Vizcaya, españa) _b[Editorial desconocida] _c1956 |
||
| 300 | _a296 páginas | ||
| 490 | _aColección Prisma; 33 | ||
| 500 | _aIncluye bibliografía e índice. -- Este libro se encuentra en el depósito de la biblioteca | ||
| 650 | 0 | 4 |
_aAcción católica _98335 |
| 650 | 0 | 4 |
_aLaicos _918263 |
| 650 | 0 | 4 |
_aOrdenes terceras _920833 |
| 700 |
_aBelloso de Francisco, Julio. _eTr _9148914 |
||
| 765 | _tLe role du laicat dans l'éclise | ||
| 942 |
_cLIBRO _a27 _e1 _n0 |
||
| 999 |
_c84857 _d84857 |
||